=LDR 00000nam 2200000 4500 =001 INLIS000000000007265 =005 20130612095308 =008 ***********************************Ind** =035 ##$$0010-061300000007265 =041 ##$$a Ind =082 ##$$a 346.02 =090 ##$$a 346.02, Sub s =100 ##$$a Subandi =245 ##$$a Surat perjanjian dalam bahasa Inggris, Subandi =260 ##$$a 1991 $b Jakarta =300 ##$$a vii, 194 hlm, 21 cm =650 ##$$a Kontrak